| 000 | 00487cam a2200181ua 4500 | ||
|---|---|---|---|
| 020 |
_a81 7224 185 2 _c160.00 |
||
| 041 |
_aeng _h |
||
| 082 |
_a005.369 _bWIL/PA |
||
| 100 | _aWilliams, Robin . | ||
| 245 |
_aPage maker- 4 for windows : An easy desk reference / _cRobin Williams. _hTextual Documents |
||
| 250 |
_a1 / _b. |
||
| 260 |
_aMumbai : _bJaico Publishing House , _c1994. |
||
| 300 | _a70 ; . | ||
| 365 | _a160.00 | ||
| 504 | _a | ||
| 942 | _cBK | ||
| 999 |
_c2987 _d2987 |
||